1165 1574 1410 1432 1347 1883 1562 1887 1355 1126 1346 1498 1813 1242 1440 1262 1752 1432 1141 1005 1884 1612 1324 1854 1714 1603 1209 1192 1650 1271 1416 1696 1370 1330 1992 2000 1223 1320 1110 1227 1153 1885 1931 1384 1512 1671 1188 1097 1494 1069 1763 1361 1681 1534 1855 1616 1592 1371 1578 1103 1410 1019 1141 1156 1543 1121 1294 1291 1163 1766 1587 1027 1883 1701 1153 1552 1578 1161 1687 1355 1544 1534 1959 1813 1651 1140 1961 1416 1565 1305 1922 1281 1427 1219 1761 1343 1049 1142 1703 BCNSPRNW ULIB Ver.6.0+V

เปลี่ยนเป็นภาษาไทย

Change to English
 แสดงรายละเอียดบรรณานุกรม
  กลับหน้าหลัก

Brief Record : Get Marc (ISO 2709) : E-mail record : QR code < ปิดหน้าต่าง
LEADER : 00000nam 2200000uu 4500
001    13399112909
003     ULIB
008    110916s2553||||th 000 0 tha d
020    9786167346045
090    นว.^bร147ล 2553
100 0  รมย์ธีรา
245 00 เล่ห์ร้ายเกมรัก/^cรมย์ธีรา
250    พิมพ์ครั้งที่ 1
260    กรุงเทพฯ :^bAmethyst,^c2553
300    317 หน้า
945    ^p225^l0^i17059
995    กัณชพร
999     ^aใช้งานได้ทุกระบบ
รายการนี้ยังไม่มีแท็ก
คุณยังไม่ได้ล็อกอิน คุณสามารถมีกิจกรรมร่วมกับเว็บไซต์ได้ แต่ต้องล็อกอินก่อน ::
  ล็อกอิน

รายการสื่อสารสนเทศ

ลำดับที่ ประเภท เลขเรียก/บาร์โค้ด สถานที่ สถานะ
1. นวนิยาย
นวนิยาย
นว. ร147ล 2553  
  Barcode: 17059
ห้องสมุดวิทยาเขตสวรรค์ประชารักษ์
►นวนิยาย
บนชั้น
  ขอยืม

BibComment


ยังไม่เคยถูกคอมเมนท์

คอมเมนท์ทรัพยากรรายการนี้
  คอมเมนท์: เล่ห์ร้ายเกมรัก ร..


 Copyright 2026. Bcnsprnw @Library